| 000 | 00896cam a2200265 a 4500 | ||
|---|---|---|---|
| 999 |
_c22243 _d22243 |
||
| 001 | 1844255 | ||
| 005 | 20170123155805.0 | ||
| 008 | 821129s1982 nyua 000 0 eng | ||
| 010 | _a 81051719 | ||
| 020 | _a0847804046 (pbk.) | ||
| 040 |
_aDLC _cDLC _dDLC _dOCoLC |
||
| 041 | 1 | _aengger | |
| 050 | 0 | 0 |
_aN6490 _b.S6513 1982 |
| 100 | 1 |
_aSpies, Werner, _d1937- |
|
| 240 | 1 | 0 |
_aAuge am Tatort. _lEnglish |
| 245 | 1 | 0 |
_aFocus on art / _cWerner Spies ; [translated by Luna Carne-Ross and John William Gabriel]. |
| 260 |
_aNew York : _bRizzoli, _c1982. |
||
| 300 |
_a279 p. : _bill. ; _c24 cm. |
||
| 500 | _aTranslation of: Das Auge am Tatort. | ||
| 650 | 0 |
_aArt, Modern _y20th century. |
|
| 942 |
_2lcc _cBOOKS _hN6490 .S6513 1982 |
||